Mixed Word: Common Bond LXXXIV Quiz Stats

 Plays Quiz Updated Oct 14, 2016

Challenge
Share
Tweet
Embed
Score 0/16 Timer 02:00
1 Play Today
Scrambled Word Answer % Correct
SICUMMUSIC
96%
TUSJ RFO NUFJUST FOR FUN
89.9%
EVMISOMOVIES
78.3%
PSTSROSPORTS
76.2%
IGNGMAGAMING
75.4%
OSIRTYHHISTORY
69%
LNAAEUGGLANGUAGE
68.3%
CECNISESCIENCE
66%
Scrambled Word Answer % Correct
LYDAHIOHOLIDAY
65.9%
OYARPEGHGGEOGRAPHY
64.5%
USECMILLNEASOMISCELLANEOUS
60.3%
Common Theme:Sporcle Categories
57%
ATRULITEERLITERATURE
56%
NETEARITTNEMNENTERTAINMENT
56%
ESITNOIVELTELEVISION
49.8%
GIINROELRELIGION
46.5%

You're not logged in!

Compare scores with friends on all Sporcle quizzes.
OR
Log In

You Might Also Like...

Show Comments

Extras

Top Quizzes Today


Score Distribution

Your Account Isn't Verified!

In order to create a playlist on Sporcle, you need to verify the email address you used during registration. Go to your Sporcle Settings to finish the process.

Report this User

Report this user for behavior that violates our Community Guidelines.

Details: